Tsb Moves Roblox - Statistics

General Stats
  • This quiz has been taken 48 times
  • The average score is 43 of 94
Answer Stats
Hint Answer % Correct
The Strongest Hero Normal Punch
97%
The Strongest Hero Shove
93%
The Strongest Hero Uppercut
90%
The Strongest Hero Consecutive Punches
86%
The Strongest Hero Death Counter
86%
The Strongest Hero Table Flip
86%
Hero Hunter Flowing Water
83%
The Strongest Hero (ult) Serious Mode
83%
The Strongest Hero Serious Punch
79%
Hero Hunter Hunter's Grasp
76%
The Strongest Hero Omni Directional Punch
76%
Hero Hunter Prey's Peril
76%
Hero Hunter Lethal Whirlwind Stream
66%
Hero Hunter (ult) Rampage
66%
Hero Hunter The Final Hunt
66%
Destructive Cyborg Blitz Shot
55%
Destructive Cyborg Incinerate
55%
Destructive Cyborg Jet Dive
55%
Destructive Cyborg Speedblitz Dropkick
52%
KJ 20-20-20 Dropkick
48%
Hero Hunter Crushed Rock
48%
Deadly Ninja Explosive Shuriken
48%
Destructive Cyborg Flamewave Cannon
48%
Deadly Ninja Flash Strike
48%
Destructive Cyborg Ignition Burst
48%
Sorcerer Infinity
48%
KJ Ravage
48%
Deadly Ninja Scatter
48%
Brutal Demon Beatdown
45%
Wild Psychic Crushing Pull
45%
Brutal Demon Death Blow
45%
KJ Five Seasons
45%
Brutal Demon Foul ball
45%
Martial Artist Head First
45%
Destructive Cyborg Machine Gun Blows
45%
Hero Hunter Rock Splitting Fist
45%
KJ Stoic Bomb
45%
Wild Psychic Terrible Tornado
45%
Destructive Cyborg Thunder Kick
45%
Deadly Ninja Whirlwind Kick
45%
Wild Psychic (ult) Berserk
41%
Martial Artist Bullet Barrage
41%
Deadly Ninja (ult) Can You Even See Me?
41%
Brutal Demon Grand Slam
41%
Brutal Demon Homerun
41%
Martial Artist Last Breath
41%
Destructive Cyborg (ult) Maximum Energy Output
41%
KJ Swift Sweep
41%
KJ Unlimited Flex Works
41%
Martial Artist Vanishing Kick
41%
Tech Prodigy Weboom
41%
Martial Artist Whirlwind Drop
41%
Blade Master Atmos Cleave
38%
Blade Master Atomic Slash
38%
Brutal Demon Brutal Beatdown
38%
KJ Collateral Ruin
38%
Wild Psychic Cosmic Strike
38%
Wild Psychic Expulsive Push
38%
Martial Artist Grand Fissure
38%
Blade Master Quick Slice
38%
Wild Psychic Sky Snatcher
38%
Blade Master Split Second Counter
38%
Wild Psychic Stone Coffin
38%
Brutal Demon Strength Difference
38%
Martial Artist Twin Fangs
38%
Hero Hunter Water Stream Cutting Fist
38%
KJ (ult) 20 Series
34%
Sorcerer Attract
34%
Deadly Ninja Carnage
34%
Tech Prodigy Double Trouble
34%
Martial Artist (ult) Dragon's Descent
34%
Martial Artist Earth Splitting Strike
34%
Sorcerer Erase
34%
Deadly Ninja Fourfold Flashstrike
34%
Blade Master Pinpoint Cut
34%
Tech Prodigy Plasma Cannon
34%
Wild Psychic Psychic Ricochet
34%
Sorcerer Repulse
34%
Brutal Demon Savage Tornado
34%
Deadly Ninja Straight On
34%
Blade Master Sunrise
34%
Blade Master Sunset
34%
Tech Prodigy Trinity Tear
34%
Deadly Ninja Twinblade Rush
34%
The Frozen Soul Freezing Path
31%
The Frozen Soul Permafrost
31%
Brutal Demon (ult) Pumped Up
31%
Blade Master Solar Cleave
31%
KJ Spiraling Storm
31%
Wild Psychic Windstorm Fury
31%
The Frozen Soul Judgement Chain
28%
Blade Master (ult) Scorching Blade
28%
The Frozen Soul Sub-Zero Slash Storm
28%
The Frozen Soul Frost Surge
10%
No matching quizzes found
Score Distribution
Percent of People with Each Score
Percentile by Number Answered
Your Score History
You have not taken this quiz